Función del dinero en la economía (Registro nro. 5400)

Detalles MARC
000 -LEADER
fixed length control field 01137 a2200193 4500
001 - CONTROL NUMBER
control field 54229
005 - DATE AND TIME OF LATEST TRANSACTION
control field 20260407155813.0
008 - FIXED-LENGTH DATA ELEMENTS--GENERAL INFORMATION
fixed length control field 260407a1973 arg spa d
003 - CONTROL NUMBER IDENTIFIER
control field AR-UNSa-BCEJYS
040 ## - CATALOGING SOURCE
Original cataloging agency AR-UNSa-BCEJYS
Language of cataloging spa
Transcribing agency AR-UNSa-BCEJYS
080 ## - UNIVERSAL DECIMAL CLASSIFICATION NUMBER
Universal Decimal Classification number 336.741.2
Common auxiliary subdivision Naturaleza de la moneda. Teoría general del dinero
100 1# - MAIN ENTRY--PERSONAL NAME
Personal name Havrilesky, Thomas M.
245 10 - TITLE STATEMENT
Title Función del dinero en la economía
264 #1 - PRODUCTION, PUBLICATION, DISTRIBUTION, MANUFACTURE, AND COPYRIGHT NOTICE
Place of production, publication, distribution, manufacture México :
Name of producer, publisher, distributor, manufacturer Limusa
Date of production, publication, distribution, manufacture, or copyright notice 1973
300 ## - PHYSICAL DESCRIPTION
Extent 240 p.
Dimensions 25 cm.
505 ## - FORMATTED CONTENTS NOTE
Formatted contents note 1. Conceptos económicos básicos - 2. Las funciones del dinero - 3. Definición del medio circulante y el balance general de un banco comercial - 4. Las actividades de un banco - 5. Expansión de los depósitos a la vista en el sistema bancario - 6. El sistema de la reserva federal - 7. Instrumentos de política monetaria - 8. La teoría macroeconómica básica, sin dinero - 9. La demanda de dinero para transacciones y la teoría cuantitativa del dinero - 10. La demanda de dinero para especualación y el enfoque keynesiano - 11. El sistema keynesiano de la demanada agregada
590 ## - LOCAL NOTE (RLIN)
Local note niveau_biblio:m niveau_hierar:0
942 ## - ADDED ENTRY ELEMENTS (KOHA)
Koha item type
Existencias
Withdrawn status Lost status Damaged status Not for loan Home library Current library Shelving location Date acquired Total checkouts Full call number Barcode Date last seen Price effective from Koha item type
        Biblioteca Prof. Eusebio Cleto del Rey Biblioteca Prof. Eusebio Cleto del Rey   07/04/2026   336.741.2 H383 L25152 07/04/2026 07/04/2026 Libro